Les 15 pays avec la plus petite superficie - Statistiques

Statistiques générales
  • Ce quiz a été pris 208 fois
  • Le résultat moyen est 10 sur 15
Statistiques - réponses
Superficie Pays % Correct
0,44 km² Vatican
99%
2 km² Monaco
94%
61 km² Saint-Marin
82%
160 km² Liechtenstein
81%
21 km² Nauru
66%
26 km² Tuvalu
62%
300 km² Saint-Christophe-et-Niévès
60%
389 km² Saint-Vincent-et-les Grenadines
60%
344 km² Grenade
56%
442,6 km² Antigua-et-Barbuda
54%
430 km² Barbade
54%
344 km² Malte
53%
445 km² Seychelles
51%
261 km² Îles Marshall
46%
316 km² Maldives
41%
Aucun quiz correspondant
Distribution des résultats
% des personnes avec chaque résultat
Percentile par nombre de réponses
Votre historique - résultats
Vous n’avez pas pris ce quiz